[Event "Managua Torre del Rey op"]
[Site "Managua"]
[Date "2020.09.20"]
[Round "4"]
[White "Berrios, Natanael"]
[Black "Berrios, Denis"]
[Result "1-0"]
[WhiteElo "1864"]
[BlackElo "1550"]
[PlyCount "110"]
[EventDate "2020.09.19"]
[EventType "swiss"]
[EventRounds "9"]
[EventCountry "NCA"]
[SourceTitle "EXT 2021"]
[Source "ChessBase"]
[SourceDate "2020.10.23"]
[SourceVersion "1"]
[SourceVersionDate "2020.10.23"]
[SourceQuality "1"]

1. e4 e5 2. Nf3 Nc6 3. Bb5 Nf6 4. 0-0 Be7 5. Re1 0-0 6. c3 d6 7. h3 a6 8. Ba4 b5 9. Bc2 Bb7 10. d3 b4 11. Nbd2 a5 12. a4 Re8 13. Nf1 Bf8 14. Ng3 Ne7 15. Nh4 c5 16. Bg5 Ng6 17. Nhf5 h6 18. Bd2 Rc8 19. Bb3 d5 20. exd5 Bxd5 21. Bxd5 Qxd5 22. Be3 Nf4 23. f3 Qxd3 24. Bxf4 Qxd1 25. Raxd1 exf4 26. Ne2 g5 27. Nd6 Bxd6 28. Rxd6 Re6 29. Rxe6 fxe6 30. Nc1 Kf7 31. Nd3 bxc3 32. bxc3 Nd5 33. Ne5+ Ke7 34. Rc1 c4 35. Kf2 Kf6 36. Ng4+ Kg6 37. Re1 Ne3 38. Nxe3 fxe3+ 39. Rxe3 Kf6 40. Re4 e5 41. g3 Rc5 42. Ke3 Kf5 43. f4 Kf6 44. fxe5+ Rxe5 45. Kd4 Rxe4+ 46. Kxe4 Ke6 47. Kd4 Kf5 48. Kxc4 Ke4 49. Kb5 Kf3 50. c4 Kxg3 51. c5 h5 52. c6 Kxh3 53. c7 g4 54. c8Q h4 55. Kxa5 Kh2 1-0

[Event "NCA-ch Fiestas Patrias op"]
[Site "Managua"]
[Date "2020.09.06"]
[Round "9"]
[White "Berrios, Denis"]
[Black "Garcia Torres, Erasmo Del Socorro"]
[Result "1-0"]
[WhiteElo "1550"]
[BlackElo "1478"]
[PlyCount "97"]
[EventDate "2020.08.29"]
[EventType "swiss"]
[EventRounds "9"]
[EventCountry "NCA"]
[SourceTitle "EXT 2022"]
[Source "ChessBase"]
[SourceDate "2021.10.06"]
[SourceVersion "1"]
[SourceVersionDate "2021.10.06"]
[SourceQuality "1"]

1. d4 Nf6 2. c4 e6 3. Nc3 Bb4 4. Bg5 d6 5. e4 Nbd7 6. Bd3 h6 7. Bxf6 Nxf6 8. Qa4+ Bd7 9. Qxb4 0-0 10. Nge2 a5 11. Qb3 e5 12. 0-0 Nh5 13. dxe5 dxe5 14. Nd5 Rb8 15. c5 Re8 16. Rac1 Re6 17. Ng3 Nf4 18. Nxf4 exf4 19. Nf5 Rg6 20. f3 Qg5 21. Rf2 Bc6 22. h4 Qf6 23. Bb5 Re8 24. Bxc6 Qxc6 25. Qd5 Qb5 26. b3 c6 27. Qd7 Rge6 28. Nd4 Qd3 29. Rc4 R8e7 30. Qd8+ Re8 31. Qxa5 Rg6 32. Qd2 Qe3 33. Nf5 Qxd2 34. Rxd2 Ra8 35. Rcd4 Kh7 36. Rd7 Rf6 37. Rxb7 Rc8 38. Rd6 Kg6 39. Rxf6+ Kxf6 40. Nd6 Rf8 41. Rb6 Ke5 42. Rxc6 Kd4 43. Nf5+ Kc3 44. Nxg7 Kb2 45. b4 Kc3 46. b5 Kc4 47. b6 Kb5 48. Rc7 Ka6 49. b7 1-0

[Event "Managua Gomez Argenal Memorial"]
[Site "Managua"]
[Date "2020.06.21"]
[Round "9"]
[White "Cortez Ruiz, Luis Miguel"]
[Black "Berrios, Denis"]
[Result "1-0"]
[WhiteElo "1507"]
[BlackElo "1546"]
[PlyCount "103"]
[EventDate "2020.06.06"]
[EventType "swiss"]
[EventRounds "9"]
[EventCountry "NCA"]
[SourceTitle "CBM 197 Extra"]
[Source "ChessBase"]
[SourceDate "2020.09.30"]
[SourceVersion "1"]
[SourceVersionDate "2020.09.30"]
[SourceQuality "1"]

1. d4 d5 2. Nf3 Nf6 3. c4 c6 4. Nc3 e6 5. Bg5 Be7 6. Qc2 Nbd7 7. e3 dxc4 8. Bxc4 Nb6 9. Bd3 Nfd5 10. Nxd5 Nxd5 11. Bxe7 Qxe7 12. a3 f6 13. Bxh7 Bd7 14. Qg6+ Kd8 15. h4 Be8 16. Qc2 Bh5 17. Be4 Bxf3 18. Bxf3 f5 19. g3 Kd7 20. 0-0-0 Rac8 21. Qa4 b5 22. Qxa7+ Rc7 23. Qc5 Qf7 24. Kb1 b4 25. Bxd5 exd5 26. Qxb4 Ke6 27. Rc1 Rhc8 28. Qb6 Qd7 29. Rc3 Rb7 30. Qa6 Kf7 31. Qe2 Rcb8 32. b4 Qe6 33. Rhc1 Rb6 34. Qh5+ g6 35. Qg5 Qe8 36. h5 Qe4+ 37. Kb2 c5 38. Rxc5 Qd3 39. hxg6+ Ke6 40. Rc6+ Rxc6 41. Rxc6+ Kd7 42. g7 Qd2+ 43. Rc2 Rxb4+ 44. axb4 Qxb4+ 45. Kc1 Qe1+ 46. Kb2 Qb4+ 47. Ka2 Qa4+ 48. Kb1 Qb4+ 49. Rb2 Qe1+ 50. Kc2 Qe2+ 51. Kc3 Qc4+ 52. Kd2 1-0

[Event "Managua Gomez Argenal Memorial"]
[Site "Managua"]
[Date "2020.06.13"]
[Round "4"]
[White "Berrios, Denis"]
[Black "Escobar, Edgar Antonio"]
[Result "0-1"]
[WhiteElo "1546"]
[BlackElo "1798"]
[PlyCount "94"]
[EventDate "2020.06.06"]
[EventType "swiss"]
[EventRounds "9"]
[EventCountry "NCA"]
[SourceTitle "CBM 197 Extra"]
[Source "ChessBase"]
[SourceDate "2020.09.30"]
[SourceVersion "1"]
[SourceVersionDate "2020.09.30"]
[SourceQuality "1"]

1. d4 Nf6 2. Nf3 e6 3. c4 Bb4+ 4. Bd2 Be7 5. Nc3 d5 6. cxd5 exd5 7. e3 0-0 8. Bd3 Bg4 9. Qb3 b6 10. Ne5 Be6 11. 0-0 c5 12. Be2 Ne4 13. Nxe4 dxe4 14. Bc4 Bxc4 15. Qxc4 Bf6 16. Bc3 Qc7 17. f4 exf3 18. Rxf3 Bxe5 19. dxe5 Qe7 20. Rg3 Qe6 21. Qf4 Nc6 22. Rf1 Ne7 23. Qg5 Ng6 24. Rgf3 b5 25. b3 Rac8 26. h4 Qe7 27. Rf6 h6 28. Qg4 gxf6 29. h5 Kh7 30. Rxf6 Rg8 31. hxg6+ Rxg6 32. Qh3 Rcg8 33. Rxg6 Rxg6 34. Qf5 Qe6 35. Qe4 Qg4 36. Qb7 Rg7 37. e6 f6 38. Qd5 Re7 39. Bxf6 Qxe6 40. Qd3+ Qe4 41. Qd6 Qxe3+ 42. Kh2 Re6 43. Qd7+ Kg6 44. Qg7+ Kf5 45. g4+ Ke4 46. Qg6+ Kf3 47. Kh3 Kf4+ 0-1